00394nam a2200169Ia 4500003000400000005001700004008004100021020001900062040000700081041000800088082001500096100001800111245002500129260004600154300000900200650001500209OSt20250830105046.0250729s2006 xx 000 0 und d a978-0745931135 cAL aeng a158.1 ATKB aAtiklnson Sue aBuilding self esteem aMumbaibBetter Yourself Publicationc2006 a245p aPsychology